Štúdium zanášky bioaktívnych zložiek do biodegradovateľných polymérnych filmov a matríc.

Salvato in:
Dettagli Bibliografici
Autore principale: Garajová, Martina (Autore)
Altri autori: Bakoš, Dušan (Relatore della tesi)
Natura: Manoscritto Libro
Lingua:slovacco
Pubblicazione: 2015
Soggetti:
Accesso online:http://is.stuba.sk/zp/portal_zp.pl?podrobnosti=102172
Tags: Aggiungi Tag
Nessun Tag, puoi essere il primo ad aggiungerne!!

MARC

LEADER 00000ntm a22000003a 4500
001 stuzp51522
003 SK-STU
005 20160719153901.6
007 ta
008 150427s2015----xo-----f-mn---000-0-slo-d
040 |a STU  |b slo 
041 0 |a slo 
100 1 |a Garajová, Martina  |u 049370  |4 aut  |U FCHPT Ústav prírodných a syntetických polymérov  |T FCHPT Oddelenie plastov a kaučuku  |X 61469  |U C9370  |Y 128  |7 61469 
242 0 1 |a The Study of Bioactive Components Addition to Biodegradable Films and Scaffolds  |y eng 
245 1 0 |a Štúdium zanášky bioaktívnych zložiek do biodegradovateľných polymérnych filmov a matríc. 
260 |c 2015 
650 4 |a prírodné polymérne materiály  |2 slo 
650 4 |a toxicita  |2 slo 
650 4 |a myšie fibroblasty  |2 slo 
650 4 |a modifikácia  |2 slo 
650 4 |a biokompatibilita  |2 slo 
650 4 |a biocompatibility  |2 eng 
650 4 |a natural polymer materials  |2 eng 
650 4 |a toxicity  |2 eng 
650 4 |a mouse fibroblasts  |2 eng 
650 4 |a modification  |2 eng 
700 1 |a Bakoš, Dušan  |4 ths  |X 4513  |7 A000004513 
856 4 |u http://is.stuba.sk/zp/portal_zp.pl?podrobnosti=102172 
SQL |a stuzp51522  |b DBP  |c SLO  |d Štúdium zanášky bioaktívnych zložiek do biodegradovateľných polymérnych filmov a matríc.  |e 61469  |f Garajová, Martina  |g 049370  |h 4513  |i Bakoš, Dušan  |j 20150716  |k 520  |l 04  |m http://is.stuba.sk/zp/portal_zp.pl?podrobnosti=102172  |n B-oVYKOZ  |o 5.2.24. potravinárstvo